000 01083nas a2200325 454500
001 35578
005 20260407193509.0
008 260407s1966####ag###########|||spa#d
003 AR-UNSa-BCEJYS
040 _aAR-UNSa-BCEJYS
_bspa
_cAR-UNSa-BCEJYS
080 _a378
_xEnseñanza superior. Universidades. Escuelas especiales
245 1 0 _aRevista de la Universidad Argentina de la Empresa
022 _a0041-8250
264 1 _aBuenos Aires :
_bUADE (Universidad Argentina de la Empresa)
_c1966
310 _aFrecuencia: Cuatrimestral
041 _aspa
942 _cSER
590 _aniveau_biblio:s niveau_hierar:1
100 1 _aUniversidad Argentina de la Empresa (UADE)
700 1 _aWainer, Jacobo
700 1 _aLlorens Pastor, José E.
700 1 _aIglesias, Enrique A.
700 1 _aNuesch, Hugo
700 1 _aSinger Jonker, Guillermo
700 1 _aBogo, Héctor Mario
650 _aUNIVERSIDADES
650 _aEMPRESAS
650 _aEducación
856 4 1 _uhttps://biblioeco.unsa.edu.ar/pmb//images/revistas/revUnvArgEmpresa.jpg
_yImagen de portada
_qimage/jpeg
999 _c8768
_d8768